000 00625cab a2200229 4500
001 ABS37205
008 090401t1987 xxu||||| |||| 00| 0 eng d
035 _a(Sirsi) u2844
041 _aeng
100 _aBurns, A.
245 _aRisking change
260 _c1987
350 _a0
490 _aChartered Quantity Surveyor
_v9(6) January 1987,18 (1)
520 _aDescribes problems quantity surveyors may have with professional indemnity insurance as they diversify.
650 _aDIVERSIFICATION
650 _aNEGLIGENCE
650 _aSURVEYORS
690 _aINSURANCE
_96249
942 _n0
948 _c04/03/1997
999 _c1711
_d1711